| 000 | 00772cam a2200229 a 4500 | ||
|---|---|---|---|
| 001 | 4926111 | ||
| 005 | 20240416023101.0 | ||
| 008 | 950712s1996 nyuc b 000 0 eng | ||
| 020 | _a9628161040. | ||
| 040 |
_aDLC _cDLC _dDLC |
||
| 082 | 0 | 0 |
_a323.4 _220 _bPOW. |
| 245 | 0 | 0 |
_aPower vs conscience : _bThe Excommunication of Fr. Tissa Balasuriya / _cEdited by Bruce Van Voorhis . |
| 260 |
_aHong Kong : _bAsian Human Rights Commission and Asian Legal Resource Centre Ltd. _c1997. |
||
| 300 | _aviii, 139 p. : | ||
| 500 | _a"Publications of John A. Moses": p.[525]-531. | ||
| 650 | 0 | _aNationalism | |
| 650 | 0 | _aPolitical culture | |
| 650 | 0 | _aHolocaust, Jewish (1939-1945) | |
| 650 | 0 | _aOpposition (Political science) | |
| 700 | 1 |
_aBrue Van Voorhis . _eedt |
|
| 942 | _cL | ||
| 999 |
_c565 _d565 |
||